Bharat Buranji (Record no. 4878)

MARC details
000 -LEADER
fixed length control field 00432cam a2200169ua 4500
008 - FIXED-LENGTH DATA ELEMENTS--GENERAL INFORMATION
fixed length control field 131009n ii |||gr||||Z||||||asm
040 ## - CATALOGING SOURCE
Transcribing agency MAIN
082 ## - DEWEY DECIMAL CLASSIFICATION NUMBER
Classification number 954
245 ## - TITLE STATEMENT
Title Bharat Buranji
Statement of responsibility, etc. By Tasaduk Amanul Hussain
260 ## - PUBLICATION, DISTRIBUTION, ETC.
Place of publication, distribution, etc. Guwahati:
Name of publisher, distributor, etc. Banalata,
Date of publication, distribution, etc. 1990.
Place of publication, distribution, etc. Dibrugarh:
300 ## - PHYSICAL DESCRIPTION
Extent x,287p.
700 ## - ADDED ENTRY--PERSONAL NAME
Personal name Hussain,Tasaduk Amanul,
Relator term
942 ## - ADDED ENTRY ELEMENTS (KOHA)
Koha item type Books
653 ## - INDEX TERM--UNCONTROLLED
Uncontrolled term South Asia India
653 ## - INDEX TERM--UNCONTROLLED
Uncontrolled term Bharat Buranji
Holdings
Withdrawn status Lost status Damaged status Not for loan Home library Current library Shelving location Date acquired Total Checkouts Full call number Barcode Date last seen Date last checked out Copy number Price effective from Koha item type
        Central Library, Naharkatiya College Central Library, Naharkatiya College General Stacks 19/09/2020 1 954 | HUS 3819 09/12/2020 17/11/2020 3 19/09/2020 Books
        Central Library, Naharkatiya College Central Library, Naharkatiya College General Stacks 19/09/2020 6 954 | HUS 3845 03/02/2022 20/01/2022 1 19/09/2020 Books
        Central Library, Naharkatiya College Central Library, Naharkatiya College General Stacks 19/09/2020 2 954 | HUS 3911 03/02/2021 19/01/2021 2 19/09/2020 Books

Naharkatiya College © 2020. All rights reserved.

Powered By